[Event "Dundee & Angus Minor"]
[Site "?"]
[Date "2016.10.08"]
[Round "2"]
[White "Dallas, Alastair"]
[Black "Freel, Lawrence"]
[Result "0-1"]
[WhiteElo "1098"]
[BlackElo "1333"]
[PlyCount "90"]
[EventDate "2016.??.??"]

1. d4 d6 2. Nf3 g6 3. e4 Nf6 4. Nc3 c6 5. Be2 Bg7 6. O-O O-O 7. Bf4 Nbd7 8. Qc1
Re8 9. Bc4 b5 10. Bxf7+ Kxf7 11. Ng5+ Kg8 12. Ne6 Qa5 13. Bh6 Nh5 14. Bxg7 Nxg7
15. Nxg7 Kxg7 16. a3 Qb6 17. Qd2 a5 18. d5 c5 19. Ne2 Nf6 20. Qc3 b4 21. Qc4
Ba6 22. Qb3 Bxe2 23. Rfe1 Bb5 24. a4 Bd7 25. c4 Rf8 26. Qd3 Rf7 27. b3 Raf8 28.
Ra2 Qd8 29. Rae2 e5 30. h3 Nh5 31. Rc2 Qg5 32. g4 Nf4 33. Qg3 h5 34. h4 Qxg4
35. Kh2 Qh3+ 36. Kg1 Qxg3+ 37. fxg3 Nh3+ 38. Kg2 Rf2+ 39. Rxf2 Rxf2+ 40. Kh1
Bg4 41. Re3 Bf3+ 42. Rxf3 Rxf3 43. Kg2 Rxb3 44. Kxh3 Rc3 45. Kg2 b3 0-1

[Event "Dundee & Angus Minor"]
[Site "?"]
[Date "2016.10.08"]
[Round "2"]
[White "McLeod, Robbie"]
[Black "O`Rourke, Bryan"]
[Result "0-1"]
[WhiteElo "1005"]
[BlackElo "1348"]
[PlyCount "74"]
[EventDate "2016.??.??"]

1. e4 c6 2. d3 d5 3. Nd2 dxe4 4. Nxe4 Nd7 5. g3 Ngf6 6. Bg2 Nxe4 7. Bxe4 Nf6 8.
Bg2 e5 9. Bg5 h6 10. Bxf6 Qxf6 11. Nf3 Bg4 12. O-O Rd8 13. Qe2 Bc5 14. Qxe5+
Be7 15. Rae1 Qxe5 16. Rxe5 f6 17. Re4 Bf5 18. Re3 Kf7 19. Rfe1 Bc5 20. d4 Bd6
21. c3 g5 22. Nd2 g4 23. Ne4 Bf8 24. Nc5 Bxc5 25. dxc5 Rhe8 26. Rxe8 Rxe8 27.
Rxe8 Kxe8 28. Bf1 Ke7 29. Be2 Ke6 30. f3 h5 31. Kf2 Kd5 32. b4 gxf3 33. Bxf3+
Kc4 34. Bxh5 Kxc3 35. b5 cxb5 36. h4 a5 37. g4 Bb1 0-1

[Event "Dundee & Angus Minor"]
[Site "?"]
[Date "2016.10.08"]
[Round "2"]
[White "Saravanan J12, Pranav"]
[Black "Kante J12, Kalyan Sai Nandan"]
[Result "0-1"]
[WhiteElo "667"]
[BlackElo "1136"]
[PlyCount "108"]
[EventDate "2016.??.??"]

1. Nf3 d5 2. d4 Nf6 3. c4 c6 4. c5 Bf5 5. Nc3 Nbd7 6. e3 e6 7. Bd3 Bg4 8. h3
Bh5 9. O-O Be7 10. Be2 O-O 11. Qc2 Bg6 12. Bd3 Bxd3 13. Qxd3 b6 14. cxb6 Nxb6
15. Re1 Qc7 16. Ne5 Nfd7 17. Nxd7 Nxd7 18. e4 Rfd8 19. e5 c5 20. Be3 cxd4 21.
Bxd4 Nb6 22. Rac1 Rac8 23. Nb5 Qb7 24. Rxc8 Rxc8 25. Qd2 Nc4 26. Qd3 Qxb5 27.
b3 Na3 28. Qg3 Qb4 29. Rd1 Nb5 30. Qe3 Nxd4 31. Rxd4 Qc3 32. Rd1 Qxe3 33. fxe3
Rc2 34. a4 Bc5 35. Rd3 h6 36. Kh1 Re2 37. e4 dxe4 38. Rc3 Re1+ 39. Kh2 Bg1+ 40.
Kg3 Re3+ 41. Rxe3 Bxe3 42. b4 Bd4 43. Kf4 e3 44. Kf3 f6 45. exf6 gxf6 46. Ke2
e5 47. b5 Bb6 48. a5 Bxa5 49. Kxe3 Bb6+ 50. Ke4 Kf7 51. Kf5 Bf2 52. g4 Be1 53.
Ke4 Ke6 54. Ke3 f5 0-1

[Event "Dundee & Angus Minor"]
[Site "?"]
[Date "2016.10.08"]
[Round "2"]
[White "Coope, Derek"]
[Black "Macmillan, Malcolm"]
[Result "1-0"]
[WhiteElo "1338"]
[BlackElo "1195"]
[PlyCount "100"]
[EventDate "2016.??.??"]

1. Nf3 d5 2. g3 Bg4 3. Bg2 c6 4. O-O Nf6 5. d3 Nbd7 6. Nbd2 Qc7 7. a3 e5 8. b4
h5 9. h4 Bd6 10. Bb2 e4 11. Nh2 Qb6 12. d4 Qa6 13. Nxg4 Nxg4 14. e3 Bxg3 15.
fxg3 Nxe3 16. Qe1 Nxf1 17. Bxf1 Qb6 18. c4 O-O 19. cxd5 cxd5 20. Qe2 Qg6 21.
Qe3 Nf6 22. Be2 Rfe8 23. Nb3 b6 24. Rf1 Rac8 25. Kg2 Rc2 26. Bc1 Rec8 27. Na1
R2c3 28. Qf4 e3 29. Bb2 R3c6 30. Qxe3 Re6 31. Qf3 Rce8 32. Bd3 Ne4 33. Bc1 Rf6
34. Bf4 Rf5 35. Nc2 Qf6 36. Re1 Re6 37. Bxe4 dxe4 38. Rxe4 Rc6 39. Ne3 Rc3 40.
Re8+ Kh7 41. Qe4 g6 42. Nxf5 Qxf5 43. Qxf5 gxf5 44. Be5 Rxa3 45. Rh8+ Kg6 46.
Rg8+ Kh7 47. Rg7+ Kh8 48. Rxf7+ Kg8 49. Rf6 Rb3 50. Bd6 a6 1-0

[Event "Dundee & Angus Minor"]
[Site "?"]
[Date "2016.10.08"]
[Round "3"]
[White "Pearson, Walter"]
[Black "Johnson, Ian"]
[Result "1-0"]
[WhiteElo "1376"]
[BlackElo "1246"]
[PlyCount "113"]
[EventDate "2016.??.??"]

1. e4 e5 2. Nc3 Nf6 3. f4 d6 4. Nf3 Nbd7 5. fxe5 dxe5 6. Bc4 h6 7. d3 Bc5 8. h3
c6 9. Qe2 b5 10. Bb3 a5 11. a3 a4 12. Ba2 O-O 13. Be3 Re8 14. O-O Ba6 15. Bxc5
Nxc5 16. Qf2 Qd6 17. Rad1 Re7 18. Nh4 Qd4 19. Qxd4 exd4 20. Ne2 Kh7 21. Nf5 Rc7
22. Nfxd4 Re8 23. Rf2 Ree7 24. Nf5 Red7 25. Re1 g6 26. Nfg3 Kg7 27. Nf4 Re7 28.
e5 Kf8 29. d4 Ncd7 30. c3 Nb6 31. Bb1 Kg7 32. exf6+ Kxf6 33. Rxe7 Kxe7 34. Nd3
Kd8 35. Nc5 Bc8 36. Nge4 Re7 37. Kf1 Bf5 38. Nd2 Bxb1 39. Nxb1 Nc4 40. b3 axb3
41. Nxb3 f5 42. Re2 Ne3+ 43. Kf2 f4 44. Kf3 g5 45. g3 fxg3 46. Kxg3 Nf5+ 47.
Kf2 Rf7 48. Ke1 Ng3 49. Rf2 Re7+ 50. Kd1 h5 51. N3d2 Kd7 52. Nf3 g4 53. hxg4
hxg4 54. Ne5+ Kd6 55. Rf6+ Re6 56. Rxe6+ Kxe6 57. Nxg4 1-0

[Event "Dundee & Angus Minor"]
[Site "?"]
[Date "2016.10.08"]
[Round "3"]
[White "Chadha J13, Sambhav"]
[Black "Walker, Gordon"]
[Result "1-0"]
[WhiteElo "1309"]
[BlackElo "1188"]
[PlyCount "105"]
[EventDate "2016.??.??"]

1. e4 e5 2. Nf3 Nc6 3. Bc4 Bb4 4. c3 Ba5 5. d4 exd4 6. Nxd4 Nf6 7. Nxc6 bxc6 8.
e5 Qe7 9. O-O Ne4 10. Re1 Ng5 11. Bxg5 Qxg5 12. Qf3 O-O 13. Na3 Rb8 14. Bb3 Bb6
15. Nc4 Bb7 16. Qg3 Qxg3 17. hxg3 Bc5 18. Rad1 Rbd8 19. Rd2 Be7 20. Red1 Bc8
21. Ne3 d5 22. c4 dxc4 23. Rxd8 Rxd8 24. Rxd8+ Bxd8 25. Nxc4 Be6 26. Na5 Bd5
27. Bxd5 cxd5 28. Nc6 Bg5 29. f4 Bh6 30. Nxa7 g6 31. Nb5 c5 32. Kf2 Bf8 33. Ke3
Kg7 34. a4 d4+ 35. Kd3 Be7 36. a5 Bd8 37. a6 Bb6 38. a7 Bxa7 39. Nxa7 Kf8 40.
Nc6 Ke8 41. Nxd4 cxd4 42. Kxd4 Kd7 43. Kd5 Kc7 44. b4 Kd7 45. b5 h6 46. b6 g5
47. b7 Kc7 48. e6 fxe6+ 49. Kxe6 Kxb7 50. Kf6 gxf4 51. gxf4 h5 52. f5 Kc6 53.
Kg7 1-0

[Event "Dundee & Angus Minor"]
[Site "?"]
[Date "2016.10.08"]
[Round "3"]
[White "Freel, Lawrence"]
[Black "Billcliff, Niels"]
[Result "1-0"]
[WhiteElo "1333"]
[BlackElo "1195"]
[PlyCount "121"]
[EventDate "2016.??.??"]

1. c4 d5 2. cxd5 Qxd5 3. Nc3 Qd8 4. Nf3 Nc6 5. g3 Bg4 6. Bg2 Nf6 7. Qb3 Rb8 8.
d3 Bxf3 9. Bxf3 Nd4 10. Qa4+ c6 11. Bg2 b5 12. Qd1 Rc8 13. Bg5 e6 14. e3 Nf5
15. O-O Be7 16. Rc1 Nd5 17. Bxe7 Nfxe7 18. Ne4 Ng6 19. d4 O-O 20. Nc5 Qe7 21.
Bh3 Rcd8 22. Qf3 e5 23. Rfe1 Nf6 24. Qxc6 exd4 25. exd4 Qd6 26. Qxd6 Rxd6 27.
Red1 Rfd8 28. Nb7 Nd5 29. Nxd6 Rxd6 30. Rc8+ Nf8 31. Bg2 Ne7 32. Rc7 Nf5 33. d5
g6 34. Rxa7 Nd7 35. Bh3 Nb6 36. Bxf5 gxf5 37. Rb7 Kf8 38. f4 b4 39. a4 bxa3 40.
bxa3 Nc4 41. Rb3 Kg7 42. Rc3 Nb6 43. Rc6 Rxd5 44. Rxd5 Nxd5 45. Kf2 Ne7 46. Rd6
Nc8 47. Rd3 Nb6 48. Rb3 Na4 49. Ke3 Kf6 50. Rb4 Nc3 51. Kd4 Ne2+ 52. Kc4 h5 53.
a4 h4 54. gxh4 Nxf4 55. a5 Ne6 56. Rb6 Ke7 57. Rxe6+ fxe6 58. a6 f4 59. a7 f3
60. a8=Q f2 61. Qf3 1-0

[Event "Dundee & Angus Minor"]
[Site "?"]
[Date "2016.10.08"]
[Round "3"]
[White "Stewart, Alex"]
[Black "Dutta J14, Nandini"]
[Result "1-0"]
[WhiteElo "1257"]
[BlackElo "1116"]
[PlyCount "97"]
[EventDate "2016.??.??"]

1. d4 Nf6 2. Nf3 g6 3. g3 Bg7 4. Bg2 d5 5. O-O O-O 6. e3 Bf5 7. Re1 c6 8. Nbd2
Nbd7 9. c4 Re8 10. b3 e5 11. dxe5 Nxe5 12. Nxe5 Rxe5 13. Bb2 Re8 14. Rc1 Qd7
15. cxd5 Nxd5 16. Bxg7 Kxg7 17. e4 Nb6 18. exf5 Rxe1+ 19. Qxe1 Rd8 20. Nc4 Qxf5
21. Nxb6 axb6 22. Qc3+ Kg8 23. Re1 Qd7 24. Qf6 Rf8 25. h4 h5 26. Kh2 Qd2 27.
Re7 Qxa2 28. Rxb7 Qxb3 29. Bxc6 Qc4 30. Rd7 Qe6 31. Qxe6 fxe6 32. Kg2 Rb8 33.
Bb5 Rc8 34. Rd6 Kf7 35. Rxb6 Kf6 36. Bd7 Rd8 37. Bxe6 Kg7 38. Bb3 Rd2 39. Ba4
Rd8 40. Rb7+ Kf6 41. Rd7 Rc8 42. Rd6+ Kg7 43. Rd2 Kh6 44. Rd6 Kg7 45. Kh3 Rc4
46. Be8 Rc2 47. Kg2 Rc5 48. Bxg6 Re5 49. Bb1 1-0

[Event "Dundee & Angus Minor"]
[Site "?"]
[Date "2016.10.08"]
[Round "3"]
[White "Mathieson J14, Liam"]
[Black "Dallas, Alastair"]
[Result "1-0"]
[WhiteElo "1208"]
[BlackElo "1098"]
[PlyCount "79"]
[EventDate "2016.??.??"]

1. Nf3 d5 2. d4 e6 3. Bf4 Be7 4. e3 Nf6 5. Bd3 Nh5 6. Bg3 g6 7. Nbd2 Nxg3 8.
hxg3 Nc6 9. c3 Bd7 10. Bb5 a6 11. Ba4 b5 12. Bc2 Bf6 13. e4 Ne7 14. e5 Bg7 15.
a4 Qb8 16. b4 Nc8 17. a5 Ne7 18. Rh3 f6 19. Nb3 c6 20. Nc5 Bc8 21. Qe2 fxe5 22.
dxe5 O-O 23. O-O-O Nf5 24. Bxf5 Rxf5 25. g4 Rf4 26. Ng5 Bxe5 27. Rxh7 Ra7 28.
Rxa7 Bxc3 29. Re7 e5 30. Re8+ Kg7 31. Nce6+ Kf6 32. Rf8+ Ke7 33. Rf7+ Kd6 34.
Nxf4 Bxb4 35. Nd3 Ba3+ 36. Kb1 e4 37. Ka2 b4 38. Nxe4+ Ke6 39. Ng5+ Kd6 40.
Qe7# 1-0

[Event "Dundee & Angus Minor"]
[Site "?"]
[Date "2016.10.08"]
[Round "3"]
[White "Dutta J13, Oishani"]
[Black "Fowler, David"]
[Result "1-0"]
[WhiteElo "1149"]
[BlackElo "1010"]
[PlyCount "83"]
[EventDate "2016.??.??"]

1. e4 e5 2. Nf3 Nc6 3. Bb5 Nge7 4. O-O a6 5. Ba4 b5 6. Bb3 Bb7 7. c3 Ng6 8. d4
Bd6 9. Re1 O-O 10. Nbd2 Kh8 11. Nf1 h6 12. Ng3 Nge7 13. Nh4 exd4 14. cxd4 g5
15. Nhf5 Bb4 16. Rf1 Nxf5 17. Nxf5 Qf6 18. Be3 Rfe8 19. d5 Ne5 20. Bd4 c6 21.
dxc6 dxc6 22. h4 Rad8 23. hxg5 hxg5 24. Qh5+ Kg8 25. Bxf7+ Qxf7 26. Nh6+ Kf8
27. Nxf7 Nxf7 28. Be3 Rxe4 29. Bxg5 Rd5 30. Bh6+ Ke7 31. Qh3 Re2 32. a3 Bc5 33.
Rae1 Bxf2+ 34. Rxf2 Rxe1+ 35. Rf1 Re6 36. Qh4+ Ke8 37. Bg7 c5 38. Qf2 Rd7 39.
Qxc5 Rdd6 40. Qc7 Rd7 41. Qb8+ Ke7 42. Bf8# 1-0

[Event "Dundee & Angus Minor"]
[Site "?"]
[Date "2016.10.08"]
[Round "3"]
[White "Smith, Mark"]
[Black "Coope, Derek"]
[Result "1-0"]
[WhiteElo "1132"]
[BlackElo "1338"]
[PlyCount "59"]
[EventDate "2016.??.??"]

1. e4 c5 2. Nf3 d6 3. d4 cxd4 4. Nxd4 Nf6 5. Nc3 g6 6. f3 Bg7 7. Be3 O-O 8. Qd2
Nc6 9. O-O-O a6 10. g4 Nxd4 11. Bxd4 Be6 12. h4 h5 13. Be2 Rc8 14. Kb1 Qc7 15.
gxh5 Nxh5 16. f4 Ng3 17. Rhg1 Nxe2 18. Qxe2 Bxd4 19. Rxd4 Qb6 20. Qd3 Rc4 21.
Rd1 Rfc8 22. Rxc4 Bxc4 23. Qh3 Be6 24. f5 Bd7 25. Nd5 Qd8 26. h5 e6 27. hxg6
fxg6 28. fxg6 exd5 29. Qh7+ Kf8 30. Qf7# 1-0

[Event "Dundee & Angus Minor"]
[Site "?"]
[Date "2016.10.09"]
[Round "4"]
[White "Freel, Lawrence"]
[Black "Smith, Mark"]
[Result "0-1"]
[WhiteElo "1333"]
[BlackElo "1132"]
[PlyCount "72"]
[EventDate "2016.??.??"]

1. e4 g6 2. d4 d6 3. f4 c6 4. Nf3 d5 5. e5 h5 6. c4 Bg4 7. cxd5 cxd5 8. Be2 e6
9. O-O Be7 10. Nc3 Nh6 11. Nb5 Nf5 12. Qa4 Kf8 13. Bd2 Nc6 14. Rac1 a6 15. Nd6
Nxd6 16. exd6 Bxd6 17. Bc3 Bxf4 18. Rce1 Bd6 19. Ng5 Qxg5 20. Bxg4 hxg4 21. g3
Kg7 22. Qc2 Rh3 23. Qf2 Qe7 24. Bd2 Rf8 25. Bf4 Bxf4 26. Qxf4 f5 27. Re2 g5 28.
Qf2 Qf6 29. Rd1 f4 30. Qe1 Nxd4 31. Rf2 Nf3+ 32. Rxf3 gxf3 33. Qb4 fxg3 34.
Qxb7+ Rf7 35. Qxa6 Qxb2 36. Qxe6 Qg2# 0-1

[Event "Dundee & Angus Minor"]
[Site "?"]
[Date "2016.10.09"]
[Round "4"]
[White "Billcliff, Niels"]
[Black "Buchan, Allan"]
[Result "1-0"]
[WhiteElo "1195"]
[BlackElo "1055"]
[PlyCount "75"]
[EventDate "2016.??.??"]

1. d4 d5 2. Nf3 e6 3. Bf4 c5 4. e3 Nc6 5. c3 Nf6 6. Bd3 Be7 7. Ne5 cxd4 8. exd4
O-O 9. Nd2 Nxe5 10. dxe5 Nd7 11. Qh5 g6 12. Qe2 Bg5 13. Bg3 Bh4 14. Bxh4 Qxh4
15. Nf3 Qe7 16. h4 Re8 17. g4 Nf8 18. h5 f5 19. exf6 Qxf6 20. hxg6 Nxg6 21. Qd2
Qg7 22. Ng5 Qe5+ 23. Kd1 Re7 24. Kc2 Bd7 25. Rae1 Qg7 26. Rh2 h6 27. Reh1 hxg5
28. Qxg5 Be8 29. Rh6 Qe5 30. Rxg6+ Qg7 31. Rxg7+ Rxg7 32. Bh7+ Kf8 33. Qf4+ Rf7
34. Qd6+ Kg7 35. f4 Rd7 36. Qe5+ Kf8 37. Bg6 Re7 38. Rh8# 1-0

[Event "Dundee & Angus Minor"]
[Site "?"]
[Date "2016.10.09"]
[Round "4"]
[White "Kante J12, Kalyan Sai Nandan"]
[Black "Stewart, Alex"]
[Result "1-0"]
[WhiteElo "1136"]
[BlackElo "1257"]
[PlyCount "79"]
[EventDate "2016.??.??"]

1. e4 e5 2. Nf3 Nc6 3. Bc4 Bc5 4. O-O Nf6 5. Nc3 O-O 6. d3 h6 7. Be3 Be7 8. h3
d6 9. a3 a6 10. Re1 Bd7 11. Qd2 Qc8 12. Kh2 Nd8 13. d4 exd4 14. Nxd4 Ne6 15.
Nf5 Qd8 16. Rad1 Nc5 17. Nxh6+ gxh6 18. Bxh6 Nh7 19. Bxf8 Qxf8 20. b4 Ne6 21.
f4 f5 22. exf5 Qxf5 23. Qe2 Qxf4+ 24. Kh1 Nhg5 25. Bxe6+ Bxe6 26. Ne4 Nxe4 27.
Qxe4 Qxe4 28. Rxe4 Kf7 29. Rf1+ Bf6 30. Ref4 Ke7 31. Rxf6 Kd7 32. Rf8 Ra7 33.
h4 c5 34. h5 cxb4 35. axb4 Kc6 36. h6 b5 37. R1f6 Kd5 38. Re8 Bg4 39. Rd8 Kc4
40. Rf4+ 1-0

[Event "Dundee & Angus Minor"]
[Site "?"]
[Date "2016.10.09"]
[Round "4"]
[White "Dutta J14, Nandini"]
[Black "Maheshwari J11, Ritvik"]
[Result "1-0"]
[WhiteElo "1116"]
[BlackElo "870"]
[PlyCount "77"]
[EventDate "2016.??.??"]

1. e4 e6 2. d3 d5 3. Nd2 c5 4. Ngf3 Nc6 5. g3 Qb6 6. Bg2 Bd6 7. O-O Nge7 8. Re1
O-O 9. Nf1 Bd7 10. h4 f5 11. e5 Bc7 12. Rb1 Ng6 13. Bf4 Nxf4 14. gxf4 Rad8 15.
N1d2 Be8 16. c3 Bh5 17. Qc2 Ne7 18. d4 cxd4 19. cxd4 Ng6 20. Kh2 Nxf4 21. Nb3
Nxg2 22. Kxg2 Bxf3+ 23. Kxf3 Rc8 24. Rbc1 Bxe5 25. Qxc8 Rxc8 26. Rxc8+ Kf7 27.
dxe5 h6 28. Rg1 d4 29. Rcc1 d3 30. Rcd1 Qc6+ 31. Ke3 Qe4+ 32. Kd2 Qe2+ 33. Kc3
Qc2+ 34. Kd4 Qxf2+ 35. Kxd3 Qf3+ 36. Kc2 Qf2+ 37. Kb1 Qxh4 38. Rd7+ Kg8 39.
Rdxg7+ 1-0

[Event "Dundee & Angus Minor"]
[Site "?"]
[Date "2016.10.09"]
[Round "4"]
[White "Dutta J13, Oishani"]
[Black "Pearson, Walter"]
[Result "1-0"]
[WhiteElo "1149"]
[BlackElo "1376"]
[PlyCount "57"]
[EventDate "2016.??.??"]

1. e4 e5 2. Nf3 Nc6 3. Bb5 a6 4. Ba4 Nf6 5. O-O Nxe4 6. d4 b5 7. Bb3 d5 8. dxe5
Be6 9. c3 Be7 10. Nbd2 f5 11. exf6 Nxf6 12. Re1 Qd7 13. Ng5 Bg8 14. a4 O-O-O
15. axb5 axb5 16. Qe2 Bc5 17. Qxb5 Qd6 18. Bc2 g6 19. Ndf3 Nb8 20. Nd4 c6 21.
Qa5 Ng4 22. g3 Ne5 23. Bf4 Bxd4 24. cxd4 Nc4 25. Qa8 Nb6 26. Bxd6 Nxa8 27. Rxa8
Kb7 28. Rxb8+ Rxb8 29. Bxb8 1-0

[Event "Dundee & Angus Minor"]
[Site "?"]
[Date "2016.10.09"]
[Round "4"]
[White "Coope, Derek"]
[Black "Chadha J13, Sambhav"]
[Result "1/2-1/2"]
[WhiteElo "1338"]
[BlackElo "1039"]
[PlyCount "59"]
[EventDate "2016.??.??"]

1. Nf3 Nf6 2. c4 e6 3. g3 b6 4. Bg2 Bb7 5. O-O Be7 6. d3 O-O 7. Nbd2 d5 8. cxd5
Nxd5 9. a3 Nd7 10. Qc2 Rc8 11. b4 c5 12. b5 Bf6 13. Bb2 Bxb2 14. Qxb2 Qf6 15.
Qxf6 N7xf6 16. Rfc1 Ba8 17. Nc4 Rfd8 18. Rab1 Rb8 19. e3 Ne7 20. d4 Bxf3 21.
Bxf3 cxd4 22. exd4 Rxd4 23. Ne5 Nfd5 24. Bg2 g6 25. Rc2 Kg7 26. h4 h5 27. Rb3
Rd8 28. Rf3 Nf4 29. Kh2 Rd1 30. Rc4 1/2-1/2

[Event "Dundee & Angus Minor"]
[Site "?"]
[Date "2016.10.09"]
[Round "5"]
[White "Pearson, Walter"]
[Black "Smith, Mark"]
[Result "1-0"]
[WhiteElo "1376"]
[BlackElo "1132"]
[PlyCount "37"]
[EventDate "2016.??.??"]

1. e4 e5 2. Nc3 Bb4 3. f4 exf4 4. Nf3 b6 5. Bc4 Bb7 6. Qe2 Nf6 7. d3 O-O 8.
Bxf4 d5 9. exd5 Re8 10. Ne5 Bd6 11. O-O Qe7 12. Rae1 c5 13. dxc6 Nxc6 14. Bxf7+
Kh8 15. Bxe8 Rxe8 16. Nxc6 Qc7 17. Qxe8+ Ng8 18. Bxd6 Qxc6 19. Ne4 1-0

[Event "Dundee & Angus Minor"]
[Site "?"]
[Date "2016.10.09"]
[Round "5"]
[White "Freel, Lawrence"]
[Black "Thacker, Stephen"]
[Result "1/2-1/2"]
[WhiteElo "1333"]
[BlackElo "1190"]
[PlyCount "47"]
[EventDate "2016.??.??"]

1. c4 Nf6 2. Nc3 e6 3. e4 d6 4. d4 c6 5. Nf3 Be7 6. Be2 a6 7. O-O O-O 8. Bg5
Nfd7 9. Bxe7 Qxe7 10. Rc1 c5 11. dxc5 dxc5 12. Rc2 Nc6 13. Rd2 h6 14. a3 b6 15.
Rd6 Ndb8 16. Rd2 Rd8 17. Rxd8+ Qxd8 18. Qxd8+ Nxd8 19. Rd1 Nd7 20. b4 Kf8 21.
Ne1 Ke7 22. f4 Bb7 23. Bf3 f6 24. f5 1/2-1/2

[Event "Dundee & Angus Minor"]
[Site "?"]
[Date "2016.10.09"]
[Round "5"]
[White "Kante J12, Kalyan Sai Nandan"]
[Black "Dutta J13, Oishani"]
[Result "1/2-1/2"]
[WhiteElo "1136"]
[BlackElo "1149"]
[PlyCount "41"]
[EventDate "2016.??.??"]

1. e4 e5 2. Nf3 Nc6 3. Bc4 Bc5 4. O-O h6 5. Nxe5 Nxe5 6. d4 Nxc4 7. dxc5 Nf6 8.
e5 Nh7 9. b4 O-O 10. Qd5 Qh4 11. f4 Nxe5 12. Qxe5 c6 13. Bb2 Nf6 14. Nd2 Re8
15. Qd4 Qg4 16. h3 Qg6 17. Rae1 d6 18. Rxe8+ Nxe8 19. Qe4 Qxe4 20. Nxe4 dxc5
21. Nxc5 1/2-1/2

[Event "Dundee & Angus Minor"]
[Site "?"]
[Date "2016.10.09"]
[Round "5"]
[White "Macmillan, Malcolm"]
[Black "Watson, David"]
[Result "1-0"]
[WhiteElo "1195"]
[BlackElo "1172"]
[PlyCount "47"]
[EventDate "2016.??.??"]

1. d4 d5 2. Nc3 Nf6 3. Bg5 e6 4. f3 Be7 5. e4 c6 6. Nh3 Nbd7 7. Be2 Qb6 8. b3
Qa5 9. Qd3 dxe4 10. fxe4 Nxe4 11. Bd2 Nxd2 12. Qxd2 O-O 13. Ne4 Bb4 14. c3 Be7
15. O-O e5 16. Qd3 c5 17. Neg5 g6 18. Nxf7 Rxf7 19. Qc4 Nf6 20. Ng5 Kg7 21.
Qxf7+ Kh6 22. Qxe7 Nd5 23. Nf7+ Kg7 24. Qxe5+ 1-0

[Event "Dundee & Angus Minor"]
[Site "?"]
[Date "2016.10.09"]
[Round "5"]
[White "Chadha J13, Sambhav"]
[Black "Billcliff, Niels"]
[Result "1-0"]
[WhiteElo "1039"]
[BlackElo "1195"]
[PlyCount "89"]
[EventDate "2016.??.??"]

1. e4 c5 2. c3 d6 3. d4 Nd7 4. Nf3 g6 5. Bc4 Bg7 6. Be3 Nb6 7. Bb3 Bd7 8. dxc5
dxc5 9. Bxc5 Qc7 10. Bd4 e5 11. Be3 Nc4 12. Bxc4 Qxc4 13. Nbd2 Qa6 14. Qe2
Qxe2+ 15. Kxe2 Ne7 16. Rhd1 O-O 17. Kf1 b6 18. Nc4 Bb5 19. Nfd2 Rac8 20. b3 h6
21. Kg1 f5 22. Nd6 Rcd8 23. Nxb5 f4 24. Nf1 fxe3 25. Nxe3 Nc6 26. Nc7 Rc8 27.
Ne6 Rfe8 28. Nxg7 Kxg7 29. Nc4 Re6 30. Nd6 Rd8 31. Nb5 a6 32. Rxd8 Nxd8 33. Nc7
Rd6 34. Nxa6 Rd3 35. c4 Nc6 36. Nc7 Nd4 37. g3 Kf6 38. Nd5+ Kg5 39. Ne3 Nf3+
40. Kg2 Nd2 41. Rd1 Rxe3 42. fxe3 Nxe4 43. Kf3 Nc3 44. h4+ Kh5 45. Rh1 1-0

[Event "Dundee & Angus Minor"]
[Site "?"]
[Date "2016.10.09"]
[Round "5"]
[White "Dearie, John"]
[Black "Fowler, David"]
[Result "0-1"]
[WhiteElo "781"]
[BlackElo "1010"]
[PlyCount "100"]
[EventDate "2016.??.??"]

1. c3 Nf6 2. d3 d5 3. Nd2 e5 4. Ndf3 Nc6 5. Qa4 Bd7 6. Qc2 Bc5 7. e3 O-O 8. Ne2
Qe7 9. Ng3 Rad8 10. Be2 Rfe8 11. O-O d4 12. exd4 exd4 13. c4 Bd6 14. Bg5 Bxg3
15. fxg3 Qxe2 16. Qxe2 Rxe2 17. Bf4 Rde8 18. b3 Nb4 19. Nxd4 Rxa2 20. Rxa2 Nxa2
21. Bxc7 Nc3 22. Kh1 a6 23. Ba5 Ne2 24. Nxe2 Rxe2 25. Rg1 Ng4 26. Bb6 Bc6 27.
b4 Nf2+ 28. Bxf2 Rxf2 29. h4 Kf8 30. Kh2 Rf6 31. d4 Rh6 32. d5 Bd7 33. Rf1 g5
34. Kg1 gxh4 35. gxh4 Rxh4 36. Rf3 Rxc4 37. Rb3 Rd4 38. Rc3 Rxd5 39. Rc7 Bc6
40. Rc8+ Kg7 41. Rc7 Rg5 42. Re7 Rxg2+ 43. Kf1 h5 44. Re3 Kg6 45. Rc3 Rg4 46.
Kf2 Rxb4 47. Rg3+ Rg4 48. Rd3 h4 49. Rd6+ Kg5 50. Rd3 f5 0-1